La siria de hoy
Saved in:
| Corporate Author: | |
|---|---|
| Format: | Book |
| Language: | Spanish |
| Published: |
Dammam
Ministerio de Información
1972
|
| Edition: | 1a. ed |
| Subjects: | |
| Tags: |
Add Tag
No Tags, Be the first to tag this record!
|
MARC
| LEADER | 00000cam a2200000 a 4500 | ||
|---|---|---|---|
| 001 | UCD1978 | ||
| 003 | CL-VaPUC | ||
| 008 | 160407e19720000su |||||||||||||||||spa|d | ||
| 082 | 0 | 4 | |a 938 |b MIN |2 21 |
| 110 | 2 | |a Ministerio de Información de la República Arabe Siria |e author |9 585179 | |
| 245 | 1 | 3 | |a La siria de hoy |
| 250 | |a 1a. ed | ||
| 300 | |a 70 p | ||
| 942 | |c BK | ||
| 945 | |d 20160407 22:06:00 |a arojas | ||
| 260 | |a Dammam |b Ministerio de Información |c 1972 | ||
| 650 | 7 | |a SITUACION ECONOMICA |2 CL-VaPUC |9 398312 | |
| 650 | 7 | |a SITUACION SOCIAL |2 CL-VaPUC |9 399010 | |
| 651 | 7 | |a SIRIA |2 CL-VaPUC |9 368815 | |
| 583 | |a last modification |c 20160407 22:06:00 |k Rodrigo Vera | ||
| 999 | |c 363185 |d 363183 | ||
| 952 | |0 0 |1 0 |3 erb |4 0 |6 938_000000000000000_MIN_1972 |7 0 |8 A |9 475059 |a BIBCUR |b BIBCUR |i 5269709 |o 938 MIN 1972 |p 5269709 |r 2025-04-22 |w 2019-11-24 |y BK |z Catalogado en:20160407 |k PER | ||